{"text_format":"3","workbook":"xlsx","n_sheets":2,"sheets":["Hoja1","Hoja2"],"not_rendered":{"images":1},"read":"whole","date_system":"1900"}

{"sheet":"Hoja1","index":0,"n_rows":71,"n_cols":5,"rows_kept":71,"merged":[[4,0,4,4],[5,0,5,4]]}
[]
[]
[]
[]
["Inventario de Almacen "]
["Al 31 de octubre 2025"]
["DESCRIPCION","UNID DE MEDIDA","CANTIDAD","PRECIO UNITARIO","TOTAL"]
["Resma de papel 8.5 x 11","Unidad",309,{"v":300,"d":"$300.00"},{"$f":"C8*D8","v":{"v":92700,"d":"$92,700.00"}}]
["Resma de papel 8.5 x 14","Unidad",29,{"v":400,"d":"$400.00"},{"$f":"C9*D9","v":{"v":11600,"d":"$11,600.00"}}]
["Toner Asseel","Unidad",18,{"v":1300,"d":"$1,300.00"},{"v":23400,"d":"$23,400.00"}]
["Toner Asta","Unidad",23,{"v":1300,"d":"$1,300.00"},{"v":29900,"d":"$29,900.00"}]
["Sobre Manila","Caja",10,{"v":372.88,"d":"$372.88"},{"v":3728.8,"d":"$3,728.80"}]
["Rollos para ticket","Caja",3,{"v":990,"d":"$990.00"},{"v":2970,"d":"$2,970.00"}]
["Papel continuo","Caja ",37,{"v":1200,"d":"$1,200.00"},{"v":44400,"d":"$44,400.00"}]
["Papel de sumadora","Unidad",48,{"v":70,"d":"$70.00"},{"v":3360,"d":"$3,360.00"}]
["Resaltadores variados","Caja",14,{"v":358.72,"d":"$358.72"},{"v":5022.08,"d":"$5,022.08"}]
["Marcadores permanente Deli","Caja",19,{"v":358.72,"d":"$358.72"},{"v":6815.68,"d":"$6,815.68"}]
["Corrector tipo lapicero Deli","Caja",4,{"v":447.22,"d":"$447.22"},{"v":1788.88,"d":"$1,788.88"}]
["Nota Deli","Unidad",136,{"v":50.74,"d":"$50.74"},{"v":6900.64,"d":"$6,900.64"}]
["Marcador permanente Nustar","Caja",19,{"v":220.66,"d":"$220.66"},{"v":4192.54,"d":"$4,192.54"}]
["Clips Metalico Artesco","Caja",102,{"v":65,"d":"$65.00"},{"v":6630,"d":"$6,630.00"}]
["Folder Abby","Caja",87,{"v":350,"d":"$350.00"},{"v":30450,"d":"$30,450.00"}]
["Libro Record","Unidad",23,{"v":450,"d":"$450.00"},{"v":10350,"d":"$10,350.00"}]
["Cuadernos 200 pag.","Unidad",104,{"v":60,"d":"$60.00"},{"v":6240,"d":"$6,240.00"}]
["Grapas","Caja",12,{"v":50,"d":"$50.00"},{"v":600,"d":"$600.00"}]
["Grapadoras","Unidad",15,{"v":495,"d":"$495.00"},{"v":7425,"d":"$7,425.00"}]
["Cinta Pegafan ","Unidad",250,{"v":40,"d":"$40.00"},{"v":10000,"d":"$10,000.00"}]
["Toner Cany","Unidad",1,{"v":2500,"d":"$2,500.00"},{"v":2500,"d":"$2,500.00"}]
["Toner Laser","Unidad",4,{"v":2200,"d":"$2,200.00"},{"v":8800,"d":"$8,800.00"}]
["Teclado","Unidad",6,{"v":1500,"d":"$1,500.00"},{"v":9000,"d":"$9,000.00"}]
["Tabla de apoyo","Unidad",2,{"v":180,"d":"$180.00"},{"v":360,"d":"$360.00"}]
["Carpeta Acordeon","Unidad",2,{"v":500,"d":"$500.00"},{"v":1000,"d":"$1,000.00"}]
["Cinta pegante transparente","Unidad",5,{"v":45,"d":"$45.00"},{"v":225,"d":"$225.00"}]
["Tinta para sello","Unidad",3,{"v":80,"d":"$80.00"},{"v":240,"d":"$240.00"}]
["Tinta Brother Negra","Unidad",15,{"v":980,"d":"$980.00"},{"v":14700,"d":"$14,700.00"}]
["Tinta Brother Amarilla","Unidad",13,{"v":800,"d":"$800.00"},{"v":10400,"d":"$10,400.00"}]
["Tinta Brother Magenta","Unidad",14,{"v":800,"d":"$800.00"},{"v":11200,"d":"$11,200.00"}]
["Tinta Brother Cyan","Unidad",11,{"v":800,"d":"$800.00"},{"v":8800,"d":"$8,800.00"}]
["Tinta Epson Negra","Unidad",15,{"v":750,"d":"$750.00"},{"v":11250,"d":"$11,250.00"}]
["Tinta Epson Amarilla","Unidad",9,{"v":750,"d":"$750.00"},{"v":6750,"d":"$6,750.00"}]
["Tinta Epson Magenta","Unidad",9,{"v":750,"d":"$750.00"},{"v":6750,"d":"$6,750.00"}]
["Tinta Epson Cyan","Unidad",14,{"v":750,"d":"$750.00"},{"v":10500,"d":"$10,500.00"}]
["Mouse Usb","Unidad",3,{"v":350,"d":"$350.00"},{"v":1050,"d":"$1,050.00"}]
["Lapicero Azul Bic","Caja",10,{"v":170,"d":"$170.00"},{"v":1700,"d":"$1,700.00"}]
["Dispensador de clips","Unidad",3,{"v":70,"d":"$70.00"},{"v":210,"d":"$210.00"}]
["Tijera","Unidad",5,{"v":125,"d":"$125.00"},{"v":625,"d":"$625.00"}]
["Lapiz de carbon","Caja",17,{"v":125,"d":"$125.00"},{"v":2125,"d":"$2,125.00"}]
["Sujetador Metalico ","Caja",500,{"v":150,"d":"$150.00"},{"v":75000,"d":"$75,000.00"}]
["Etiqueta para folder","Paquete",6,{"v":80,"d":"$80.00"},{"v":480,"d":"$480.00"}]
["Goma de Borrar Studmark","Unidad",3,{"v":25,"d":"$25.00"},{"v":75,"d":"$75.00"}]
["Bandas de Goma","Unidad",4,{"v":50,"d":"$50.00"},{"v":200,"d":"$200.00"}]
["Saca Grapas Maped","Unidad",10,{"v":50,"d":"$50.00"},{"v":500,"d":"$500.00"}]
["Etiqueta para folder Avery","Paquete",7,{"v":80,"d":"$80.00"},{"v":560,"d":"$560.00"}]
["Etiqueta para folder Studmark","Paquete",4,{"v":75,"d":"$75.00"},{"v":300,"d":"$300.00"}]
["Cera para dedos","Unidad",6,{"v":100,"d":"$100.00"},{"v":600,"d":"$600.00"}]
["Cinta Doble cara ","Unidad",2,{"v":150,"d":"$150.00"},{"v":300,"d":"$300.00"}]
["Cinta Epson Lx-300","Unidad",25,{"v":500,"d":"$500.00"},{"v":12500,"d":"$12,500.00"}]
["Perforadora","Unidad",2,{"v":480,"d":"$480.00"},{"v":960,"d":"$960.00"}]
["Tarjeta de control de Almacen","Unidad",900,{"v":8,"d":"$8.00"},{"v":7200,"d":"$7,200.00"}]
["Recibo de Ingreso Extranjero","Unidad",28,{"v":300,"d":"$300.00"},{"v":8400,"d":"$8,400.00"}]
["Recibo de Ingreso Odontologia","Unidad",28,{"v":300,"d":"$300.00"},{"v":8400,"d":"$8,400.00"}]
["Tarjetas de citas","Unidad",2680,{"v":5,"d":"$5.00"},{"v":13400,"d":"$13,400.00"}]
["Notas Merletto","Unidad",10,{"v":50,"d":"$50.00"},{"v":500,"d":"$500.00"}]
["Ega Ofimak","Unidad",1,{"v":150,"d":"$150.00"},{"v":150,"d":"$150.00"}]
["Pila Rayovac","Unidad",88,{"v":60,"d":"$60.00"},{"v":5280,"d":"$5,280.00"}]
["Recetario","Unidad",230,{"v":220,"d":"$220.00"},{"v":50600,"d":"$50,600.00"}]
["Carpeta colgante pendaflex","Caja",3,{"v":1050,"d":"$1,050.00"},{"v":3150,"d":"$3,150.00"}]
["Armazon pendaflex","Unidad",4,{"v":500,"d":"$500.00"},{"v":2000,"d":"$2,000.00"}]
["Sobre blanco","Caja",5,{"v":1200,"d":"$1,200.00"},{"v":6000,"d":"$6,000.00"}]
["Zafacon de metal ","Unidad",2,{"v":500,"d":"$500.00"},{"v":1000,"d":"$1,000.00"}]
[{"$nulls":3},"TOTAL",{"$f":"SUM(E8:E70)","v":{"v":614213.62,"d":"$614,213.62"}}]

{"sheet":"Hoja2","index":1,"n_rows":72,"n_cols":5,"rows_kept":72,"merged":[[4,0,4,4],[5,0,5,4]]}
[]
[]
[]
[]
["Inventario de Almacen "]
["Al 31 de diciembre 2025"]
["DESCRIPCION","UNID DE MEDIDA","CANTIDAD","PRECIO UNITARIO","TOTAL"]
["Resma de papel 8.5 x 11","Unidad",95,{"v":300,"d":"$300.00"},{"$f":"C8*D8","v":{"v":28500,"d":"$28,500.00"}}]
["Resma de papel 8.5 x 14","Unidad",26,{"v":400,"d":"$400.00"},{"$f":"C9*D9","v":{"v":10400,"d":"$10,400.00"}}]
["Toner Asseel","Unidad",17,{"v":1300,"d":"$1,300.00"},{"v":22100,"d":"$22,100.00"}]
["Toner Asta","Unidad",23,{"v":1300,"d":"$1,300.00"},{"v":29900,"d":"$29,900.00"}]
["Sobre Manila","Caja",10,{"v":372.88,"d":"$372.88"},{"v":3728.8,"d":"$3,728.80"}]
["Rollos para ticket","Caja",3,{"v":990,"d":"$990.00"},{"v":2970,"d":"$2,970.00"}]
["Papel continuo","Caja ",22,{"v":1200,"d":"$1,200.00"},{"v":26400,"d":"$26,400.00"}]
["Papel de sumadora","Unidad",48,{"v":70,"d":"$70.00"},{"v":3360,"d":"$3,360.00"}]
["Resaltadores variados","Caja",11,{"v":358.72,"d":"$358.72"},{"v":3945.92,"d":"$3,945.92"}]
["Marcadores permanente Deli","Caja",17,{"v":358.72,"d":"$358.72"},{"v":6098.240000000001,"d":"$6,098.24"}]
["Corrector tipo lapicero Deli","Caja",3,{"v":447.22,"d":"$447.22"},{"v":1341.66,"d":"$1,341.66"}]
["Nota Deli","Unidad",121,{"v":50.74,"d":"$50.74"},{"v":6139.54,"d":"$6,139.54"}]
["Marcador permanente Nustar","Caja",18,{"v":220.66,"d":"$220.66"},{"v":3971.88,"d":"$3,971.88"}]
["Marcador Sharpie","Unidad",77,{"v":80,"d":"$80.00"},{"v":6160,"d":"$6,160.00"}]
["Clips Metalico Artesco","Caja",95,{"v":65,"d":"$65.00"},{"v":6175,"d":"$6,175.00"}]
["Folder Abby","Caja",76,{"v":350,"d":"$350.00"},{"v":26600,"d":"$26,600.00"}]
["Libro Record","Unidad",20,{"v":450,"d":"$450.00"},{"v":9000,"d":"$9,000.00"}]
["Cuadernos 200 pag.","Unidad",98,{"v":60,"d":"$60.00"},{"v":5880,"d":"$5,880.00"}]
["Grapas","Caja",0,{"v":50,"d":"$50.00"},{"v":0,"d":"$0.00"}]
["Grapadoras","Unidad",10,{"v":495,"d":"$495.00"},{"v":4950,"d":"$4,950.00"}]
["Cinta Pegafan ","Unidad",221,{"v":40,"d":"$40.00"},{"v":8840,"d":"$8,840.00"}]
["Toner Cany","Unidad",1,{"v":2500,"d":"$2,500.00"},{"v":2500,"d":"$2,500.00"}]
["Toner Laser","Unidad",4,{"v":2200,"d":"$2,200.00"},{"v":8800,"d":"$8,800.00"}]
["Teclado","Unidad",6,{"v":1500,"d":"$1,500.00"},{"v":9000,"d":"$9,000.00"}]
["Tabla de apoyo","Unidad",0,{"v":180,"d":"$180.00"},{"v":0,"d":"$0.00"}]
["Carpeta Acordeon","Unidad",2,{"v":500,"d":"$500.00"},{"v":1000,"d":"$1,000.00"}]
["Cinta pegante transparente","Unidad",3,{"v":45,"d":"$45.00"},{"v":135,"d":"$135.00"}]
["Tinta para sello","Unidad",1,{"v":80,"d":"$80.00"},{"v":80,"d":"$80.00"}]
["Tinta Brother Negra","Unidad",5,{"v":980,"d":"$980.00"},{"v":4900,"d":"$4,900.00"}]
["Tinta Brother Amarilla","Unidad",8,{"v":800,"d":"$800.00"},{"v":6400,"d":"$6,400.00"}]
["Tinta Brother Magenta","Unidad",11,{"v":800,"d":"$800.00"},{"v":8800,"d":"$8,800.00"}]
["Tinta Brother Cyan","Unidad",7,{"v":800,"d":"$800.00"},{"v":5600,"d":"$5,600.00"}]
["Tinta Epson Negra","Unidad",15,{"v":750,"d":"$750.00"},{"v":11250,"d":"$11,250.00"}]
["Tinta Epson Amarilla","Unidad",9,{"v":750,"d":"$750.00"},{"v":6750,"d":"$6,750.00"}]
["Tinta Epson Magenta","Unidad",9,{"v":750,"d":"$750.00"},{"v":6750,"d":"$6,750.00"}]
["Tinta Epson Cyan","Unidad",14,{"v":750,"d":"$750.00"},{"v":10500,"d":"$10,500.00"}]
["Mouse Usb","Unidad",2,{"v":350,"d":"$350.00"},{"v":700,"d":"$700.00"}]
["Lapicero Azul Bic","Caja",6,{"v":170,"d":"$170.00"},{"v":1020,"d":"$1,020.00"}]
["Dispensador de clips","Unidad",3,{"v":70,"d":"$70.00"},{"v":210,"d":"$210.00"}]
["Tijera","Unidad",0,{"v":125,"d":"$125.00"},{"v":0,"d":"$0.00"}]
["Lapiz de carbon","Caja",13,{"v":125,"d":"$125.00"},{"v":1625,"d":"$1,625.00"}]
["Sujetador Metalico ","Caja",500,{"v":150,"d":"$150.00"},{"v":75000,"d":"$75,000.00"}]
["Etiqueta para folder","Paquete",6,{"v":80,"d":"$80.00"},{"v":480,"d":"$480.00"}]
["Goma de Borrar Studmark","Unidad",1,{"v":25,"d":"$25.00"},{"v":25,"d":"$25.00"}]
["Bandas de Goma","Unidad",4,{"v":50,"d":"$50.00"},{"v":200,"d":"$200.00"}]
["Saca Grapas Maped","Unidad",7,{"v":50,"d":"$50.00"},{"v":350,"d":"$350.00"}]
["Etiqueta para folder Avery","Paquete",7,{"v":80,"d":"$80.00"},{"v":560,"d":"$560.00"}]
["Etiqueta para folder Studmark","Paquete",3,{"v":75,"d":"$75.00"},{"v":225,"d":"$225.00"}]
["Cera para dedos","Unidad",4,{"v":100,"d":"$100.00"},{"v":400,"d":"$400.00"}]
["Cinta Doble cara ","Unidad",2,{"v":150,"d":"$150.00"},{"v":300,"d":"$300.00"}]
["Cinta Epson Lx-300","Unidad",15,{"v":500,"d":"$500.00"},{"v":7500,"d":"$7,500.00"}]
["Perforadora","Unidad",2,{"v":480,"d":"$480.00"},{"v":960,"d":"$960.00"}]
["Tarjeta de control de Almacen","Unidad",842,{"v":8,"d":"$8.00"},{"v":6736,"d":"$6,736.00"}]
["Recibo de Ingreso Extranjero","Unidad",28,{"v":300,"d":"$300.00"},{"v":8400,"d":"$8,400.00"}]
["Recibo de Ingreso Odontologia","Unidad",28,{"v":300,"d":"$300.00"},{"v":8400,"d":"$8,400.00"}]
["Tarjetas de citas","Unidad",1897,{"v":5,"d":"$5.00"},{"v":9485,"d":"$9,485.00"}]
["Notas Merletto","Unidad",6,{"v":50,"d":"$50.00"},{"v":300,"d":"$300.00"}]
["Ega Ofimak","Unidad",1,{"v":150,"d":"$150.00"},{"v":150,"d":"$150.00"}]
["Pila Rayovac","Unidad",32,{"v":60,"d":"$60.00"},{"v":1920,"d":"$1,920.00"}]
["Recetario","Unidad",90,{"v":220,"d":"$220.00"},{"v":19800,"d":"$19,800.00"}]
["Carpeta colgante pendaflex","Caja",3,{"v":1050,"d":"$1,050.00"},{"v":3150,"d":"$3,150.00"}]
["Armazon pendaflex","Unidad",4,{"v":500,"d":"$500.00"},{"v":2000,"d":"$2,000.00"}]
["Sobre blanco","Caja",3,{"v":1200,"d":"$1,200.00"},{"v":3600,"d":"$3,600.00"}]
["Zafacon de metal ","Unidad",2,{"v":500,"d":"$500.00"},{"v":1000,"d":"$1,000.00"}]
[{"$nulls":3},"TOTAL",{"$f":"SUM(E8:E71)","v":{"v":453422.04000000004,"d":"$453,422.04"}}]